000 00564nam a2200217 i 4500
001 bgj
100 1 _aELSWORTH, Steve
245 1 0 _aEnergy /
_cSteve Elsworth, Jim Rose.
260 _aHarlow, Essex :
_bLongman,
_c2004.
300 _a136 pp :
_bill. ;
_c30 cm.
505 _aIncludes "Wordstore".
650 9 _aEnglish language
655 _aTextbooks for foreigners
700 1 _aROSE, Jim.
_eco-author
020 _a058232047X
040 _cBPK
041 0 _aeng
920 _a0-582-32047-X
942 _cKS
008 s uk f |000 0 eng
999 _c49017
_d49017
856 _uhttp://koha.tu.koszalin.pl/cgi-bin/koha/opac-detail.pl?biblionumber=49017
_yKatalog online BPK